000 01440nam a2200421 c 4500
999 _c51297
_d51297
001 51297
003 ES-MaCES
005 20190729112708.0
008 000000s2019 sp 000 ||spa d
017 _aB 4739-2019
_bDL
020 _a9788494933127
040 _aES-MaCES
_bspa
_cES-MaCES
041 1 _aspa
_heng
100 1 _939608
_aSteger, Manfred B.
245 1 0 _aGlobalización
_b: una breve introducción
_cManfred B. Steger ; trad. de Joan Soler Chic
260 _aBarcelona
_bBosch Editor
_c[2019]
300 _a217 p.
_bil. bl. y n.
_c18 cm
500 _aTraducción de: Globatization, a very short introduction
500 _aÍndices
504 _aBibliografía comentada: p.199-209
541 _cCompra
650 4 _aglobalización económica
_930653
650 4 _aevaluación del impacto
_930732
650 4 _aconsecuencias económicas
_927082
650 4 _aconsecuencias sociales
_927288
650 4 _adesarrollo político
_929225
650 4 _apolítica exterior
_926687
650 4 _aadministración de justicia
_927204
650 4 _arelaciones culturales
_929384
650 4 _aevaluación del impacto ambiental
_930344
650 4 _aideología política
_927239
650 4 _ateoría económica
_927076
653 1 0 _aCiencias Sociales-Políticas
700 1 _924246
_aSoler Chic, Joan
_etr.
740 0 2 _aGlobatization, a very short introduction
902 _aLIB Libro
942 _2CES
_cBK
_h7.0.